ग्रामीण एवं नगरीय समाजशास्त्र / (Record no. 64011)

MARC details
000 -LEADER
fixed length control field 00821nam a22001817a 4500
005 - DATE AND TIME OF LATEST TRANSACTION
control field 20120313130335.0
020 ## - INTERNATIONAL STANDARD BOOK NUMBER
Terms of availability 500.00
International Standard Book Number 8170562988
035 ## - SYSTEM CONTROL NUMBER
System control number B-148747
037 ## - SOURCE OF ACQUISITION
Source of stock number/acquisition
Stock number dpl
082 ## - DEWEY DECIMAL CLASSIFICATION NUMBER
Classification number 301
100 ## - MAIN ENTRY--PERSONAL NAME
Personal name शर्मा, वीरेन्द्र प्रकाश
245 1# - TITLE STATEMENT
Title ग्रामीण एवं नगरीय समाजशास्त्र /
Statement of responsibility, etc वीरेन्द्र प्रकाश शर्मा
260 ## - PUBLICATION, DISTRIBUTION, ETC. (IMPRINT)
Place of publication, distribution, etc जयपुर
Name of publisher, distributor, etc पंचशील प्रकाशन
Date of publication, distribution, etc 2005
270 ## - ADDRESS
Address
City
Postal code
Telephone number
300 ## - PHYSICAL DESCRIPTION
Extent 248पृ.
Dimensions 22सेमी (सजिल्द)
942 ## - ADDED ENTRY ELEMENTS (KOHA)
Institution code [OBSOLETE] dpl
Item type Hindi Books
Call number prefix
Source of classification or shelving scheme Dewey Decimal Classification
Classification part 301
Call number suffix शर्मावी
Holdings
Withdrawn status Lost status Not for loan Collection code Home library Current library Date acquired Cost, normal purchase price Full call number Barcode Cost, replacement price Koha item type
      Non-fiction Sarojini Nagar Sarojini Nagar 13/03/2012 500.00 301 शर्मावी B-148747 500.00 Hindi Books

© Delhi Public Library
Hit Counter
free hit counter